00646cam a22002052i 4500001001300000003000700013005001700020008004100037020003900078040001800117042000900135084002000144245012300164260003900287300001800326650002400344650003000368650002400398651001800422CIP114015964YEEZEN20251215100337.0251031s2025 ch e 000 0 chi d a9786267667767q(精裝) :cNT$2000 aCIPbchicCIP anbic a419.3332ncsclt10a疫後新生: 國家醫院 轉變與永續 /c衛生福利部附屬醫療及社會福利機構管理會所屬醫院著 a臺北市 :b衛福部, c2025.11. a面 ;c公分 72lcstta醫療機構 72lcstta健康照護體系 72lcstta醫療服務 72lcstta臺灣